[Event "I Torneo Internacional Campus de Orense"]
[Site "Ourense"]
[Date "2014.07.10"]
[Round "6"]
[Board "6"]
[White "Pazos Porta, Antonio"]
[Black "Paunovic, Dragan"]
[Result "1/2-1/2"]
[WhiteElo "2340"]
[BlackElo "2478"]
[PlyCount "115"]
[EventDate "2014.07.07"]
[EventRounds "9"]
[EventCountry "ESP"]

1. e4 c5 2. Nf3 e6 3. d4 cxd4 4. Nxd4 a6 5. Nc3 Qc7 6. g3 Nc6 7. Bg2 Nf6 8. O-O
d6 9. a4 Be7 10. Nb3 b6 11. f4 O-O 12. g4 Nd7 13. g5 Re8 14. Rf3 Bf8 15. Rh3 g6
16. Be3 Bg7 17. Qd2 Rb8 18. Rd1 Na5 19. Qf2 Nc4 20. Bc1 b5 21. axb5 axb5 22. f5
Qb6 23. f6 Qxf2+ 24. Kxf2 Bf8 25. Bf1 Nde5 26. Nd2 Bd7 27. Nxc4 bxc4 28. Rg3
Bc6 29. Bg2 h6 30. gxh6 Kh7 31. Ne2 Ra8 32. Bf4 Reb8 33. Nd4 Be8 34. b3 Ra2 35.
Kg1 cxb3 36. cxb3 Rba8 37. Nf3 Nxf3+ 38. Rxf3 e5 39. Bg5 Bd7 40. Rc3 Rb2 41.
Bf1 Raa2 42. h4 Be6 43. Rdd3 Ra1 44. Rc1 Rxc1 45. Bxc1 Rxb3 46. Rxb3 Bxb3 47.
Bg2 Bxh6 48. Bg5 Bxg5 49. hxg5 Kg8 50. Kf2 Kf8 51. Ke3 Ke8 52. Kd3 Kd7 53. Kc3
Be6 54. Kd3 Kc6 55. Ke3 Kc5 56. Bf1 Bc4 57. Bh3 Kb4 58. Kd2 1/2-1/2

[Event "I Torneo Internacional Campus de Orense"]
[Site "Ourense"]
[Date "2014.07.10"]
[Round "6"]
[Board "7"]
[White "Lorenzo Duran, Marcos"]
[Black "Manolache, Marius"]
[Result "0-1"]
[WhiteElo "2149"]
[BlackElo "2478"]
[PlyCount "46"]
[EventDate "2014.07.07"]
[EventRounds "9"]
[EventCountry "ESP"]

1. d4 Nf6 2. Nf3 g6 3. Bg5 Bg7 4. Nbd2 d6 5. c3 h6 6. Bxf6 Bxf6 7. e4 Nd7 8.
Bc4 e6 9. Qe2 Qe7 10. e5 dxe5 11. dxe5 Bg7 12. O-O a6 13. a4 g5 14. h3 h5 15.
g4 Nb6 16. Ne4 Bd7 17. Nfxg5 hxg4 18. hxg4 Bxe5 19. f4 Bd6 20. Rad1 Bc6 21.
Rxd6 cxd6 22. Nxf7 Kxf7 23. Ng5+ Ke8 0-1

[Event "I Torneo Internacional Campus de Orense"]
[Site "Ourense"]
[Date "2014.07.10"]
[Round "6"]
[Board "8"]
[White "Larino Nieto, David"]
[Black "Sande Edreira, Jose Antonio"]
[Result "1-0"]
[WhiteElo "2459"]
[BlackElo "2304"]
[PlyCount "120"]
[EventDate "2014.07.07"]
[EventRounds "9"]
[EventCountry "ESP"]

1. b3 d5 2. Bb2 Nf6 3. g3 c5 4. Bg2 Nc6 5. f4 d4 6. Nf3 g6 7. O-O Bg7 8. Na3
Nd5 9. Qc1 O-O 10. e4 Nb6 11. Ne1 e5 12. f5 gxf5 13. exf5 Re8 14. d3 Nd5 15.
Nc4 Ne3 16. Nxe3 Bh6 17. Qd1 Bxe3+ 18. Kh1 Qg5 19. Be4 Bd7 20. Ng2 Rad8 21. Qf3
f6 22. h4 Qh6 23. Nxe3 dxe3 24. c3 Ne7 25. Bc1 b6 26. Bxe3 Qg7 27. g4 Kh8 28.
Rf2 Rg8 29. Rg1 Rdf8 30. Rh2 Qf7 31. Bh6 Rd8 32. Rf1 Be8 33. c4 Rd6 34. g5 Bc6
35. gxf6 Rxf6 36. Bxc6 Rxf5 37. Bg5 Rf8 38. Rhf2 Qe6 39. Bd5 Rxf3 40. Bxe6 Rxf2
41. Rxf2 Rxf2 42. Kg1 Rf4 43. Bxe7 Kg7 44. Bd5 h6 45. a3 Kg6 46. b4 Kf5 47.
bxc5 bxc5 48. Kg2 a6 49. h5 Kg4 50. Bxc5 Kxh5 51. Be3 Rf8 52. Be4 Rb8 53. c5
Kg4 54. Bf3+ Kh4 55. c6 Rb2+ 56. Bf2+ Kg5 57. Kg3 h5 58. Be3+ Kf6 59. c7 Rc2
60. Bb6 Rc3 1-0

[Event "I Torneo Internacional Campus de Orense"]
[Site "Ourense"]
[Date "2014.07.10"]
[Round "6"]
[Board "9"]
[White "Gomez Dieguez, David"]
[Black "Ferreira, Jorge Viterbo"]
[Result "0-1"]
[WhiteElo "2172"]
[BlackElo "2404"]
[PlyCount "96"]
[EventDate "2014.07.07"]
[EventRounds "9"]
[EventCountry "ESP"]

1. e4 e5 2. Nc3 Bc5 3. Bc4 Nf6 4. Nf3 Nc6 5. d3 d6 6. h3 Na5 7. a3 Nxc4 8. dxc4
Be6 9. Qe2 a6 10. b3 O-O 11. Be3 Bxe3 12. Qxe3 Nh5 13. Qg5 Nf4 14. Qxd8 Raxd8
15. g4 c6 16. O-O-O f6 17. Ng1 Kf7 18. Nge2 Nxe2+ 19. Nxe2 d5 20. cxd5 cxd5 21.
f3 d4 22. Kb2 b5 23. Rd2 a5 24. Rhd1 a4 25. b4 Bc4 26. Nc1 h5 27. Nd3 hxg4 28.
fxg4 Rc8 29. Nc5 Rh8 30. Rh1 Rh4 31. c3 Rch8 32. cxd4 exd4 33. Rxd4 Rxh3 34.
Rxh3 Rxh3 35. Nxa4 Rb3+ 36. Kc2 Rxa3 37. Rd7+ Kg6 38. Nc3 Rb3 39. Nd5 Bxd5 40.
Rxd5 Rxb4 41. e5 Rxg4 42. exf6 gxf6 43. Rxb5 Rd4 44. Kc3 Rd1 45. Kc2 Rd8 46.
Rb3 f5 47. Rf3 Kg5 48. Rf1 f4 0-1

[Event "I Torneo Internacional Campus de Orense"]
[Site "Ourense"]
[Date "2014.07.10"]
[Round "6"]
[Board "10"]
[White "Ivanov, Jordan"]
[Black "Perez Carballo, David"]
[Result "1-0"]
[WhiteElo "2355"]
[BlackElo "1921"]
[PlyCount "95"]
[EventDate "2014.07.07"]
[EventRounds "9"]
[EventCountry "ESP"]

1. d4 e6 2. c4 b6 3. a3 Bb7 4. Nc3 f5 5. d5 e5 6. e4 Bc5 7. exf5 Nf6 8. Bd3 O-O
9. Nge2 Ng4 10. Ne4 Qh4 11. g3 Qh5 12. Nxc5 bxc5 13. Qb3 Nc6 14. Qxb7 Nd4 15.
Nxd4 exd4 16. Bf4 Rae8+ 17. Kf1 Rb8 18. Qxc7 Rxb2 19. Qxd7 Rxf2+ 20. Kg1 Rxh2
21. Qe6+ Kh8 22. Qe4 Rxh1+ 23. Qxh1 Qxh1+ 24. Kxh1 Nf2+ 25. Kg2 Nxd3 26. Kf3 g6
27. Bd6 Rxf5+ 28. Ke2 Nb2 29. Bxc5 d3+ 30. Ke3 Nxc4+ 31. Kxd3 Na5 32. Bd4+ Kg8
33. Ke4 Nb3 34. Rd1 Nxd4 35. Rxd4 Kf8 36. Ra4 Rf7 37. d6 Ke8 38. Ke5 Rf5+ 39.
Ke6 Rf3 40. g4 Re3+ 41. Kf6 Rg3 42. g5 Rd3 43. Ra6 Kf8 44. Ke6 Ke8 45. Rxa7
Re3+ 46. Kd5 Rg3 47. a4 Rxg5+ 48. Ke6 1-0

[Event "I Torneo Internacional Campus de Orense"]
[Site "Ourense"]
[Date "2014.07.11"]
[Round "7"]
[Board "1"]
[White "Martinez Duany, Lelys Stanley"]
[Black "Starostits, Ilmars"]
[Result "1/2-1/2"]
[WhiteElo "2469"]
[BlackElo "2475"]
[PlyCount "66"]
[EventDate "2014.07.07"]
[EventRounds "9"]
[EventCountry "ESP"]

1. d4 Nf6 2. Nf3 e6 3. c4 b6 4. e3 Bb7 5. Bd3 c5 6. O-O Be7 7. Nc3 cxd4 8. exd4
d5 9. Re1 dxc4 10. Bxc4 O-O 11. Bg5 Nbd7 12. Qe2 Rc8 13. Bb3 Bb4 14. Ne5 Bxc3
15. bxc3 Qc7 16. Nxd7 Qxd7 17. Bxf6 gxf6 18. Qg4+ Kh8 19. Qf4 Qd8 20. Re3 Rg8
21. g3 Rg5 22. Rae1 Bd5 23. Bc2 f5 24. h3 Bxa2 25. Ra1 Bd5 26. Rxa7 Ra8 27.
Rxa8 Qxa8 28. Bd1 Qa1 29. Rd3 h6 30. h4 Rg6 31. Kh2 Kh7 32. Qd2 Be4 33. Re3 Bd5
 1/2-1/2

[Event "I Torneo Internacional Campus de Orense"]
[Site "Ourense"]
[Date "2014.07.11"]
[Round "7"]
[Board "2"]
[White "Strikovic, Aleksa"]
[Black "Hoffman, Alejandro"]
[Result "0-1"]
[WhiteElo "2542"]
[BlackElo "2450"]
[PlyCount "68"]
[EventDate "2014.07.07"]
[EventRounds "9"]
[EventCountry "ESP"]

1. c4 e6 2. Nf3 d5 3. g3 Nf6 4. Bg2 Be7 5. O-O O-O 6. d4 c6 7. Qc2 Nbd7 8. Nbd2
b6 9. e4 Bb7 10. b3 Rc8 11. Bb2 c5 12. exd5 exd5 13. Rfd1 Rc7 14. Qf5 g6 15.
Qh3 h5 16. cxd5 Bxd5 17. Ng5 Qa8 18. Re1 Bxg2 19. Qxg2 Qxg2+ 20. Kxg2 Nd5 21.
Nge4 Nb4 22. Re2 cxd4 23. Nc4 d3 24. Rd2 f5 25. Nc3 Nc5 26. Ba3 Ne4 27. Nxe4
fxe4 28. Ne3 a5 29. Re1 Bg5 30. f4 exf3+ 31. Kf2 Rd8 32. Bxb4 axb4 33. Kxf3
Rf7+ 34. Kg2 Re7 0-1

[Event "I Torneo Internacional Campus de Orense"]
[Site "Ourense"]
[Date "2014.07.11"]
[Round "7"]
[Board "3"]
[White "Manolache, Marius"]
[Black "Ivanov, Jordan"]
[Result "1/2-1/2"]
[WhiteElo "2478"]
[BlackElo "2355"]
[PlyCount "65"]
[EventDate "2014.07.07"]
[EventRounds "9"]
[EventCountry "ESP"]

1. d4 d5 2. Nf3 c5 3. c4 e6 4. cxd5 exd5 5. g3 Nc6 6. Bg2 Nf6 7. O-O Be7 8.
dxc5 Bxc5 9. Bg5 O-O 10. Nc3 d4 11. Na4 Be7 12. Rc1 h6 13. Bxf6 Bxf6 14. Nc5
Re8 15. Nd2 Qb6 16. a3 Qxb2 17. Nce4 Qxa3 18. Nxf6+ gxf6 19. Ne4 Qe7 20. Qd2
Kg7 21. Qf4 Qe5 22. Qh4 f5 23. Nc5 Qf6 24. Qxf6+ Kxf6 25. Rfd1 Re7 26. Bxc6
bxc6 27. Nb3 c5 28. Nxc5 Be6 29. Ra1 Rc8 30. Nxe6 fxe6 31. Rxd4 Rc2 32. Rf4 Ra2
33. Rc1 1/2-1/2

[Event "I Torneo Internacional Campus de Orense"]
[Site "Ourense"]
[Date "2014.07.11"]
[Round "7"]
[Board "4"]
[White "Santos Latasa, Jaime"]
[Black "Larino Nieto, David"]
[Result "1-0"]
[WhiteElo "2449"]
[BlackElo "2459"]
[PlyCount "95"]
[EventDate "2014.07.07"]
[EventRounds "9"]
[EventCountry "ESP"]

1. d4 d5 2. c4 e6 3. Nc3 c5 4. cxd5 exd5 5. Nf3 Nc6 6. g3 Nf6 7. Bg2 Be7 8. O-O
O-O 9. Bg5 cxd4 10. Nxd4 h6 11. Be3 Bg4 12. Qa4 Na5 13. Rad1 Nc4 14. Qb3 Nxe3
15. fxe3 Bc5 16. Nxd5 Nxd5 17. Bxd5 Qe7 18. Rf4 Bh5 19. Re4 Qg5 20. Rf1 Bg6 21.
Ref4 Qe7 22. Nf5 Bxf5 23. Rxf5 Qxe3+ 24. Qxe3 Bxe3+ 25. Kg2 Rad8 26. Bxf7+ Kh8
27. Bc4 Rxf5 28. Rxf5 Bd4 29. b3 Bf6 30. Rc5 Rd7 31. h4 g6 32. Rc8+ Kg7 33. Kf3
Re7 34. a4 a5 35. Rg8+ Kh7 36. Ra8 Bc3 37. Bd5 b6 38. Rd8 Bb4 39. Rc8 Bc5 40.
e4 h5 41. Rc6 Kg7 42. Kf4 Bd4 43. Be6 Re8 44. e5 Rf8+ 45. Ke4 Bf2 46. Rc3 g5
47. Rc7+ Kh8 48. hxg5 1-0

[Event "I Torneo Internacional Campus de Orense"]
[Site "Ourense"]
[Date "2014.07.11"]
[Round "7"]
[Board "6"]
[White "Vassallo Barroche, Mauricio"]
[Black "Guerra Bastida, Diego"]
[Result "1/2-1/2"]
[WhiteElo "2404"]
[BlackElo "2378"]
[PlyCount "27"]
[EventDate "2014.07.07"]
[EventRounds "9"]
[EventCountry "ESP"]

1. d4 Nf6 2. Nf3 g6 3. Bf4 Bg7 4. e3 d6 5. h3 O-O 6. Be2 Nbd7 7. O-O Qe8 8. Bh2
e5 9. c4 Ne4 10. Nc3 Nxc3 11. bxc3 b6 12. a4 a5 13. Nd2 Bb7 14. Bf3 1/2-1/2

[Event "I Torneo Internacional Campus de Orense"]
[Site "Ourense"]
[Date "2014.07.11"]
[Round "7"]
[Board "7"]
[White "Paunovic, Dragan"]
[Black "Rodriguez Lopez, Rafael"]
[Result "1-0"]
[WhiteElo "2478"]
[BlackElo "2259"]
[PlyCount "41"]
[EventDate "2014.07.07"]
[EventRounds "9"]
[EventCountry "ESP"]

1. d4 Nf6 2. Nf3 g6 3. Bg5 Bg7 4. Nbd2 O-O 5. e4 d6 6. Bc4 c5 7. dxc5 dxc5 8.
Qe2 Nc6 9. e5 Ng4 10. e6 Bxb2 11. exf7+ Kh8 12. O-O Bg7 13. Rae1 Nge5 14. Nxe5
Nxe5 15. Bb3 h6 16. Bxh6 Bxh6 17. Qxe5+ Kh7 18. Nf3 e6 19. Bxe6 Bxe6 20. Qxe6
Qc7 21. Ne5 1-0

[Event "I Torneo Internacional Campus de Orense"]
[Site "Ourense"]
[Date "2014.07.11"]
[Round "7"]
[Board "8"]
[White "Garcia Castro, Pablo"]
[Black "Rodriguez Bernardo, Gumersindo"]
[Result "1-0"]
[WhiteElo "2357"]
[BlackElo "1737"]
[PlyCount "75"]
[EventDate "2014.07.07"]
[EventRounds "9"]
[EventCountry "ESP"]

1. g3 e5 2. Bg2 d5 3. d3 c6 4. Nf3 Bd6 5. e4 Ne7 6. O-O Bg4 7. h3 Be6 8. Nc3
O-O 9. d4 Nd7 10. dxe5 Bxe5 11. Nxe5 Nxe5 12. f4 Nc4 13. f5 Qb6+ 14. Kh2 Bd7
15. f6 Ng6 16. exd5 Ne3 17. Bxe3 Qxe3 18. fxg7 Rfd8 19. Qh5 Re8 20. Rxf7 Re5
21. Qf3 Qxf3 22. Rxf3 Kxg7 23. Raf1 Re7 24. d6 Ne5 25. dxe7 Nxf3+ 26. Rxf3 Re8
27. Re3 Bf5 28. Ne2 Bxc2 29. Nd4 Bb1 30. Nxc6 Bxa2 31. Nxa7 Kf7 32. Bxb7 Be6
33. Nc6 Bd7 34. b4 Rg8 35. Rf3+ Kg7 36. b5 Re8 37. Re3 Kf6 38. b6 1-0

[Event "I Torneo Internacional Campus de Orense"]
[Site "Ourense"]
[Date "2014.07.11"]
[Round "7"]
[Board "9"]
[White "Padeiro, Jose"]
[Black "Fernandez Saavedra, Jose Luis"]
[Result "1-0"]
[WhiteElo "2349"]
[BlackElo "2121"]
[PlyCount "108"]
[EventDate "2014.07.07"]
[EventRounds "9"]
[EventCountry "ESP"]

1. d4 Nf6 2. c4 e6 3. Nf3 Bb4+ 4. Nbd2 d5 5. e3 O-O 6. Bd3 b6 7. O-O c5 8. dxc5
Bxc5 9. a3 Bb7 10. b4 Be7 11. Bb2 Nbd7 12. Qe2 Rc8 13. Rac1 Rc7 14. Nd4 Qa8 15.
cxd5 Rxc1 16. Rxc1 Nxd5 17. Qg4 N5f6 18. Qh3 Rc8 19. Re1 Nf8 20. Bb1 a5 21. b5
Rc5 22. e4 Qb8 23. g3 Ng6 24. Qf1 e5 25. Nf5 Bf8 26. Qe2 Qe8 27. a4 Rc8 28. Nc4
Qe6 29. Rc1 Bc5 30. Bd3 Rd8 31. Bb1 Rc8 32. Kf1 h5 33. f3 Rd8 34. Nxa5 bxa5 35.
Rxc5 Qb3 36. Rc1 Qxa4 37. Bd3 Bc8 38. Kg2 Be6 39. Rd1 Qb4 40. Bc1 Bb3 41. Rf1
Rxd3 42. Qxd3 Bc4 43. Qd8+ Kh7 44. Rf2 Bxb5 45. Qd2 Qc5 46. Qc2 Qb6 47. Be3 Qa6
48. Qc5 Bd3 49. Nd6 Nd7 50. Qc7 Nf6 51. Nxf7 Nxe4 52. fxe4 Bxe4+ 53. Kg1 Ba8
54. Ng5+ Kh8 1-0

[Event "I Torneo Internacional Campus de Orense"]
[Site "Ourense"]
[Date "2014.07.11"]
[Round "7"]
[Board "10"]
[White "Baltar Iglesias, David"]
[Black "Rivera, Daniel"]
[Result "1-0"]
[WhiteElo "2222"]
[BlackElo "2347"]
[PlyCount "95"]
[EventDate "2014.07.07"]
[EventRounds "9"]
[EventCountry "ESP"]

1. c4 e5 2. Nc3 Nc6 3. g3 Bc5 4. Bg2 d6 5. e3 a6 6. Nge2 Ba7 7. Rb1 h5 8. h3 h4
9. g4 f5 10. gxf5 Bxf5 11. d3 Qd7 12. b4 Nge7 13. a3 O-O 14. Rb2 Nd8 15. Ng1 c6
16. Nf3 Ng6 17. Ng5 Nf7 18. Nxf7 Rxf7 19. Ne4 Nf8 20. Rd2 Ne6 21. Bb2 Rd8 22.
c5 dxc5 23. Bxe5 Bxe4 24. Bxe4 Ng5 25. f4 Nxe4 26. dxe4 Qxd2+ 27. Qxd2 Rxd2 28.
Kxd2 Rd7+ 29. Ke2 cxb4 30. axb4 c5 31. bxc5 Bxc5 32. Bd4 Bxd4 33. Rd1 Re7 34.
Rxd4 Kf7 35. e5 Rc7 36. Rd6 Rc2+ 37. Kf3 Rb2 38. f5 a5 39. Rd7+ Kf8 40. Rd8+
Ke7 41. Rg8 Kf7 42. Ra8 Rb5 43. e6+ Ke7 44. Kf4 Rb4+ 45. e4 a4 46. Rg8 a3 47.
Rxg7+ Kf8 48. f6 1-0

[Event "I Torneo Internacional Campus de Orense"]
[Site "Ourense"]
[Date "2014.07.12"]
[Round "8"]
[Board "1"]
[White "Hoffman, Alejandro"]
[Black "Starostits, Ilmars"]
[Result "1/2-1/2"]
[WhiteElo "2450"]
[BlackElo "2475"]
[PlyCount "24"]
[EventDate "2014.07.07"]
[EventRounds "9"]
[EventCountry "ESP"]

1. d4 Nf6 2. Nf3 e6 3. c4 b6 4. e3 Bb7 5. Bd3 c5 6. O-O Be7 7. b3 cxd4 8. exd4
d5 9. Bb2 O-O 10. Qe2 Nc6 11. Nbd2 Nb4 12. Bb1 Rc8 1/2-1/2

[Event "I Torneo Internacional Campus de Orense"]
[Site "Ourense"]
[Date "2014.07.12"]
[Round "8"]
[Board "2"]
[White "Santos Latasa, Jaime"]
[Black "Martinez Duany, Lelys Stanley"]
[Result "1-0"]
[WhiteElo "2449"]
[BlackElo "2469"]
[PlyCount "81"]
[EventDate "2014.07.07"]
[EventRounds "9"]
[EventCountry "ESP"]

1. Nf3 Nf6 2. c4 d6 3. d4 g6 4. Nc3 Bg7 5. g3 O-O 6. Bg2 Nc6 7. O-O Rb8 8. Qd3
Bf5 9. e4 Bg4 10. Be3 Nd7 11. Ne1 e5 12. d5 Nd4 13. f3 Nc5 14. Qd1 Bd7 15. Nc2
b5 16. b4 Na6 17. a3 Nb3 18. cxb5 Nxa1 19. Nxa1 Rxb5 20. Nxb5 Bxb5 21. Rf2 Qd7
22. Nb3 c6 23. dxc6 Bxc6 24. Rd2 Rd8 25. Bf1 Nc7 26. Bc4 Bb5 27. Nc5 Qe7 28.
Nb7 Bxc4 29. Nxd8 d5 30. Nc6 Qf6 31. exd5 Nb5 32. d6 h5 33. d7 Qxc6 34. d8=Q+
Kh7 35. Rc2 Nxa3 36. Rc3 Nb5 37. Rc1 Nd4 38. Bxd4 exd4 39. Qd3 Bh6 40. Rxc4 Qe6
41. f4 1-0

[Event "I Torneo Internacional Campus de Orense"]
[Site "Ourense"]
[Date "2014.07.12"]
[Round "8"]
[Board "3"]
[White "Guerra Bastida, Diego"]
[Black "Paunovic, Dragan"]
[Result "0-1"]
[WhiteElo "2378"]
[BlackElo "2478"]
[PlyCount "100"]
[EventDate "2014.07.07"]
[EventRounds "9"]
[EventCountry "ESP"]

1. e4 c5 2. Nf3 e6 3. c3 d5 4. exd5 exd5 5. d4 Bd6 6. Bb5+ Nc6 7. O-O Nge7 8.
dxc5 Bxc5 9. Nbd2 O-O 10. Nb3 Bb6 11. Bd3 h6 12. Re1 Nf5 13. Bxf5 Bxf5 14. Be3
Be4 15. Nbd2 Bc7 16. Qa4 Re8 17. Bc5 Bb6 18. Bxb6 Qxb6 19. Qb3 Qxb3 20. axb3 a5
21. h3 Kf8 22. Nxe4 dxe4 23. Nd4 Nxd4 24. cxd4 b6 25. Rac1 Rad8 26. Rc6 Rxd4
27. Rxb6 Re5 28. Rb7 g6 29. Re2 h5 30. h4 e3 31. fxe3 Rxh4 32. Rf2 Re7 33. Rxe7
Kxe7 34. Rc2 Rb4 35. Rc3 f5 36. Kf2 h4 37. Kf3 Kf6 38. Rc6+ Kg5 39. Rc3 Kh5 40.
Rd3 Rb5 41. Rc3 g5 42. e4 f4 43. Rd3 Rb4 44. Rc3 Rd4 45. e5 g4+ 46. Kf2 Kg6 47.
Rc6+ Kf5 48. e6 Kf6 49. Ra6 Rd5 50. Kf1 g3 0-1

[Event "I Torneo Internacional Campus de Orense"]
[Site "Ourense"]
[Date "2014.07.12"]
[Round "8"]
[Board "4"]
[White "Garcia Castro, Pablo"]
[Black "Manolache, Marius"]
[Result "0-1"]
[WhiteElo "2357"]
[BlackElo "2478"]
[PlyCount "43"]
[EventDate "2014.07.07"]
[EventRounds "9"]
[EventCountry "ESP"]

1. g3 Nf6 2. Bg2 g6 3. e4 d6 4. d3 Nc6 5. Nf3 Bg7 6. O-O O-O 7. Nc3 Rb8 8. Nh4
b5 9. a3 a5 10. f4 Bg4 11. Qd2 b4 12. axb4 axb4 13. Nd1 Nd4 14. h3 Bd7 15. Qf2
c5 16. g4 Nxg4 17. hxg4 Bxg4 18. Qd2 e5 19. Nf3 exf4 20. c3 Nb3 21. Qxf4 Be5
22. Rb1 {(ILEGIBLE)} 0-1

[Event "I Torneo Internacional Campus de Orense"]
[Site "Ourense"]
[Date "2014.07.12"]
[Round "8"]
[Board "5"]
[White "Ivanov, Jordan"]
[Black "Galego, Luis"]
[Result "0-1"]
[WhiteElo "2355"]
[BlackElo "2457"]
[PlyCount "83"]
[EventDate "2014.07.07"]
[EventRounds "9"]
[EventCountry "ESP"]

1. d4 e6 2. c4 Bb4+ 3. Bd2 Bxd2+ 4. Qxd2 Nf6 5. Nc3 O-O 6. Nf3 d6 7. g3 Qe7 8.
Bg2 e5 9. O-O c6 10. dxe5 dxe5 11. Rad1 Bg4 12. Qd6 Qxd6 13. Rxd6 Nbd7 14. Rfd1
a5 15. b3 Bxf3 16. exf3 Nc5 17. h4 h6 18. Bh3 Rfe8 19. Kf1 Kf8 20. R6d2 g6 21.
Ke2 Ke7 22. Ke3 Rad8 23. Rxd8 Rxd8 24. Rxd8 Kxd8 25. f4 exf4+ 26. Kxf4 Ke7 27.
Ke3 Kd6 28. Kd4 Ne8 29. f4 Ng7 30. Ne2 f5 31. Bg2 Nh5 32. Kc3 Nf6 33. a3 b6 34.
b4 Na4+ 35. Kd3 axb4 36. axb4 c5 37. b5 Ke6 38. Bf3 g5 39. hxg5 hxg5 40. fxg5
Ng8 41. Nf4+ Kd6 42. Bb7 {(ILEGIBLE)} 0-1

[Event "I Torneo Internacional Campus de Orense"]
[Site "Ourense"]
[Date "2014.07.12"]
[Round "8"]
[Board "6"]
[White "Padeiro, Jose"]
[Black "Vassallo Barroche, Mauricio"]
[Result "1/2-1/2"]
[WhiteElo "2349"]
[BlackElo "2404"]
[PlyCount "79"]
[EventDate "2014.07.07"]
[EventRounds "9"]
[EventCountry "ESP"]

1. e4 d6 2. d4 Nf6 3. Nc3 g6 4. f4 Bg7 5. Nf3 O-O 6. Bd3 Na6 7. O-O c5 8. d5
Rb8 9. Qe2 Nc7 10. a4 a6 11. a5 Bg4 12. Bd2 e6 13. dxe6 Nxe6 14. Qf2 Bxf3 15.
Qxf3 Nd4 16. Qd1 Rc8 17. Re1 Re8 18. Kh1 Rc7 19. Nd5 Nxd5 20. exd5 Rxe1+ 21.
Bxe1 Qf6 22. c3 c4 23. Bf1 Nb3 24. Ra4 Qxf4 25. Bg3 Qd2 26. Qxd2 Nxd2 27. Be2
Ne4 28. Rxc4 Rxc4 29. Bxc4 Nxg3+ 30. hxg3 Bh6 31. b4 Bd2 32. b5 axb5 33. Bxb5
Bxc3 34. a6 bxa6 35. Bxa6 Be5 36. g4 Kg7 37. Kg1 Bd4+ 38. Kf1 Kf6 39. Be2 Ke5
40. Bf3 1/2-1/2

[Event "I Torneo Internacional Campus de Orense"]
[Site "Ourense"]
[Date "2014.07.12"]
[Round "8"]
[Board "7"]
[White "Pazos Porta, Antonio"]
[Black "Ferreira, Jorge Viterbo"]
[Result "0-1"]
[WhiteElo "2340"]
[BlackElo "2404"]
[PlyCount "46"]
[EventDate "2014.07.07"]
[EventRounds "9"]
[EventCountry "ESP"]

1. e4 g6 2. d4 Bg7 3. Nc3 d6 4. g3 Nc6 5. d5 Ne5 6. f4 Nd7 7. Bg2 c6 8. Be3
cxd5 9. exd5 Ngf6 10. Nf3 O-O 11. O-O Nc5 12. Re1 Bd7 13. Qe2 Rc8 14. h3 Nce4
15. Nxe4 Nxe4 16. Bd4 Nxg3 17. Qxe7 Rxc2 18. Bxa7 Qc8 19. Bf2 Bxh3 20. Qxd6
Bxg2 21. Kxg2 Ne4 22. Rxe4 Qg4+ 23. Kf1 Qxf3 0-1

[Event "I Torneo Internacional Campus de Orense"]
[Site "Ourense"]
[Date "2014.07.12"]
[Round "8"]
[Board "8"]
[White "Larino Nieto, David"]
[Black "Baltar Iglesias, David"]
[Result "1-0"]
[WhiteElo "2459"]
[BlackElo "2222"]
[PlyCount "47"]
[EventDate "2014.07.07"]
[EventRounds "9"]
[EventCountry "ESP"]

1. Nf3 d5 2. g3 Nf6 3. Bg2 e6 4. b3 Be7 5. Bb2 b6 6. O-O Bb7 7. d3 O-O 8. Nbd2
c5 9. e4 dxe4 10. dxe4 Nxe4 11. Ne5 Nd6 12. Bxb7 Nxb7 13. Qf3 Qc8 14. Rfe1 a5
15. a4 Ra6 16. Rad1 f6 17. Nd3 Nd8 18. Nf4 Bd6 19. Nc4 Bxf4 20. gxf4 Nbc6 21.
Qg4 Ne7 22. Nd6 Qc7 23. Bxf6 Ng6 24. Bxd8 1-0

[Event "I Torneo Internacional Campus de Orense"]
[Site "Ourense"]
[Date "2014.07.12"]
[Round "8"]
[Board "9"]
[White "Gomez Dieguez, David"]
[Black "Strikovic, Aleksa"]
[Result "0-1"]
[WhiteElo "2172"]
[BlackElo "2542"]
[PlyCount "72"]
[EventDate "2014.07.07"]
[EventRounds "9"]
[EventCountry "ESP"]

1. e4 c6 2. d4 g6 3. Nc3 d5 4. Nf3 Nh6 5. Bd3 Bg7 6. h3 f6 7. e5 O-O 8. exf6
exf6 9. Ne2 Re8 10. Bf4 Bf5 11. O-O Nd7 12. Ng3 Bxd3 13. Qxd3 Nf7 14. Rfe1 Qb6
15. b3 f5 16. Rad1 Re4 17. Nxe4 fxe4 18. Qc3 exf3 19. Qxf3 Rf8 20. c3 Ng5 21.
Qg4 Ne4 22. Qxd7 Rxf4 23. f3 Nxc3 24. Re8+ Bf8 25. Rd3 Nb5 26. Qe6+ Rf7 27. Qe5
Qc7 28. Qg5 Kg7 29. a4 h6 30. Qe3 Nd6 31. Qe5+ Kh7 32. Re6 Nf5 33. g4 Bd6 34.
Qe1 Nxd4 35. Rxd4 Bc5 36. Qd2 Qg3+ 0-1

[Event "I Torneo Internacional Campus de Orense"]
[Site "Ourense"]
[Date "2014.07.12"]
[Round "8"]
[Board "10"]
[White "Forgas Moreno, Yaniela"]
[Black "Fernandez Borrego, Pablo"]
[Result "0-1"]
[WhiteElo "2194"]
[BlackElo "2341"]
[PlyCount "98"]
[EventDate "2014.07.07"]
[EventRounds "9"]
[EventCountry "ESP"]

1. e4 e6 2. d4 d5 3. Nc3 Bb4 4. e5 c5 5. a3 Bxc3+ 6. bxc3 Ne7 7. Nf3 Nbc6 8.
Bd3 Qa5 9. Bd2 Qa4 10. Qb1 a6 11. Qb3 Qxb3 12. cxb3 Na5 13. Bc2 b6 14. dxc5
bxc5 15. Be3 Nb7 16. b4 Bd7 17. Bd3 O-O 18. Ke2 Ba4 19. Ra2 Rfc8 20. Rb2 Bb5
21. Ra1 d4 22. c4 Bxc4 23. Bxc4 dxe3 24. Kxe3 cxb4 25. Rxb4 Na5 26. Rc1 Rc5 27.
g4 Rac8 28. Kd4 Nd5 29. Nd2 Nxb4 30. axb4 Rxc4+ 31. Rxc4 Nxc4 32. Nxc4 Kf8 33.
h4 Ke7 34. h5 Rb8 35. Kc3 f6 36. f4 fxe5 37. fxe5 Rf8 38. Na5 g5 39. Kd4 Rf4+
40. Kc5 Rxg4 41. Nc6+ Kd7 42. Nb8+ Kc7 43. Nxa6+ Kb7 44. Kb5 Rg1 45. Nc5+ Kc8
46. Nxe6 Re1 47. Kc6 Rxe5 48. Nd4 g4 49. h6 Rh5 0-1

[Event "I Torneo Internacional Campus de Orense"]
[Site "Ourense"]
[Date "2014.07.13"]
[Round "9"]
[Board "1"]
[White "Hoffman, Alejandro"]
[Black "Santos Latasa, Jaime"]
[Result "1/2-1/2"]
[WhiteElo "2450"]
[BlackElo "2449"]
[PlyCount "99"]
[EventDate "2014.07.07"]
[EventRounds "9"]
[EventCountry "ESP"]

1. d4 Nf6 2. Nf3 e6 3. c4 d5 4. e3 a6 5. a3 dxc4 6. Bxc4 b5 7. Bd3 c5 8. dxc5
Bxc5 9. O-O Bb7 10. Qe2 O-O 11. Rd1 Qe7 12. b4 Bb6 13. Bb2 Nbd7 14. Nc3 Rac8
15. h3 Rfd8 16. Ng5 Ne5 17. Na4 bxa4 18. Bxe5 h6 19. Nf3 a5 20. bxa5 Bxa5 21.
e4 Nd7 22. Bb2 Nc5 23. Bc2 f6 24. Rxd8+ Rxd8 25. Rd1 Rxd1+ 26. Qxd1 e5 27. Bxa4
Bxe4 28. Bb5 Qb7 29. a4 Kh7 30. Ba3 Ne6 31. Qd7 Qxd7 32. Bxd7 Nf4 33. Nh4 g6
34. Bc5 Kg7 35. Be3 Ne2+ 36. Kh2 Bc7 37. Nf3 Nc3 38. Bd2 Nd1 39. Kg1 Bb6 40.
Be1 Bd3 41. a5 Ba7 42. Ba4 Nb2 43. Bb3 Be2 44. Bc2 Nd3 45. Bxd3 Bxd3 46. Bc3
Kf8 47. Bd2 g5 48. Be3 Bxe3 49. fxe3 Ke7 50. Kf2 1/2-1/2